Country Pairs with First Two Letters Reversed - Statistics

General Stats
  • This quiz has been taken 50 times
  • The average score is 20 of 27
Answer Stats
Hint Answer % Correct
AL Albania / Algeria
92%
ER Eritrea
92%
MO Moldova / Monaco / Mongolia / Montenegro / Morocco / Mozambique
92%
OM Oman
92%
LA Laos / Latvia
89%
NA Namibia / Nauru
84%
AN Andorra / Angola / Antigua and Barbuda
82%
IN India / Indonesia
79%
NI Nicaragua / Niger / Nigeria
79%
AZ Azerbaijan
76%
ZA Zambia
76%
EL El Salvador
74%
ES Estonia
74%
GU Guatemala / Guinea / Guinea-Bissau / Guyana
74%
LE Lebanon / Lesotho
74%
RU Russia
74%
SE Senegal / Serbia / Seychelles
74%
UG Uganda
74%
UR Uruguay
74%
GE Georgia / Germany
71%
EG Egypt
68%
IS Israel
61%
SI Sierra Leone / Singapore
61%
UK Ukraine
50%
KU Kuwait
47%
EC Ecuador
42%
CE Central African Republic
37%
No matching quizzes found
Score Distribution
Percent of People with Each Score
Percentile by Number Answered
Your Score History
You have not taken this quiz